Statistics for 10 Northernmost Constellations

Click here to take the quiz!

General Stats

  • This quiz has been taken 96 times
  • The average score is 6 of 10

Answer Stats

Constellation% Correct
Ursa Major
99%
Ursa Minor
99%
Draco
83%
Cepheus
69%
Perseus
59%
Lynx
52%
Cygnus
49%
Cassiopea
28%
Lacerta
24%
Camelopardis
7%

Score Distribution

Percentile by Number Answered

Percent of People with Each Score

Your Score History

You have not taken this quiz